000 00286nam a2200109Ia 4500
008 200302s9999 xx 000 0 und d
100 _aA. F. C. Sherratt
245 _aAir Conditioning System Design for Buildings
260 _bTata Mcgraw-Hill Co. Inc.
260 _c1983
300 _a235 P.,
999 _c732
_d732